000 00647nas a2200217 4500
001 BR7305275
003 BR-BrBNA
005 20231205082518.0
007 ta
008 230509b bl.|||p| |||| 00| 00por d
040 _aBR-BrBNA
_bpor
_cBiblioteca Nacional de Agricultura
041 _a(Pt)
072 _aL00
100 1 _aCastro, J.B. de
245 1 _aVacinas e muita limpeza mantem coelhos em bom estado de saude
650 _aPRODUCAO ANIMAL
650 _aCOELHO
773 0 _tAgricultura e Pecuaria (Brazil)
_xISSN 0100-249X
_g(Aug 1976), (no. 612) p. 32-33
_wBR7305275
909 _a202311
_bLúcia
_c55
_dLúcia Elande
942 _2AGRIS
_n0
_cANA
999 _c92435
_d92435